[Event "GEO-ch 1st League 80th"]
[Site "Tbilisi"]
[Date "2021.04.05"]
[Round "8"]
[White "Akhvlediani, Irakli"]
[Black "Kheladze, Ilia"]
[Result "1-0"]
[WhiteElo "2355"]
[BlackElo "1813"]
[PlyCount "55"]
[EventDate "2021.03.29"]
[EventType "swiss"]
[EventRounds "9"]
[EventCountry "GEO"]
[SourceTitle "CBM 202 Extra"]
[Source "ChessBase"]
[SourceDate "2021.07.31"]
[SourceVersion "1"]
[SourceVersionDate "2021.07.31"]
[SourceQuality "1"]

1. d4 d5 2. Bf4 Nf6 3. Nc3 c5 4. e3 Nc6 5. Nb5 e5 6. dxe5 a6 7. Nc3 d4 8. exf6 dxc3 9. Qxd8+ Kxd8 10. 0-0-0+ Ke8 11. b3 gxf6 12. Ne2 Ne5 13. Nxc3 Be6 14. Nd5 Bxd5 15. Rxd5 Rd8 16. Rxd8+ Kxd8 17. Be2 Rg8 18. Bg3 c4 19. Rd1+ Kc8 20. Bxc4 Ba3+ 21. Kb1 Nxc4 22. bxc4 Rd8 23. Rxd8+ Kxd8 24. c3 Kd7 25. Kc2 Kc6 26. e4 h6 27. Bf4 Kc5 28. Kb3 1-0

[Event "EU-ch U18 24th"]
[Site "Batumi"]
[Date "2014.10.26"]
[Round "7"]
[White "Urbanc, Peter"]
[Black "Kheladze, Ilia"]
[Result "1/2-1/2"]
[WhiteElo "2086"]
[BlackElo "1885"]
[PlyCount "65"]
[EventDate "2014.10.19"]
[EventType "swiss"]
[EventRounds "9"]
[EventCountry "GEO"]
[SourceTitle "EXT 2015"]
[Source "ChessBase"]
[SourceDate "2014.11.20"]
[SourceVersion "1"]
[SourceVersionDate "2014.11.20"]
[SourceQuality "1"]

1. c4 b6 2. Nc3 Bb7 3. d4 e6 4. Nf3 Bb4 5. e3 Nf6 6. Be2 Ne4 7. Bd2 Bxc3 8. Bxc3 0-0 9. 0-0 Nxc3 10. bxc3 d6 11. Bd3 Nd7 12. e4 e5 13. Nd2 Qg5 14. g3 Rfe8 15. f4 exf4 16. Rxf4 Nf6 17. Nf3 Qh6 18. Qc2 g5 19. Rf5 g4 20. Ng5 Bc8 21. Rxf6 Qxf6 22. Nxh7 Qh6 23. Nf8 Qe3+ 24. Qf2 Qxd3 25. Nh7 Kxh7 26. Qxf7+ Kh6 27. Qf6+ Kh5 28. Qf7+ Kh6 29. Qf6+ Kh5 30. Qf7+ Kh6 31. Qf6+ Kh7 32. Qf7+ Kh8 33. Qf6+ 1/2-1/2

[Event "EU-ch U18 24th"]
[Site "Batumi"]
[Date "2014.10.22"]
[Round "4"]
[White "Kheladze, Ilia"]
[Black "Shabanov, Nurlan Mammad"]
[Result "0-1"]
[WhiteElo "1885"]
[BlackElo "2106"]
[PlyCount "56"]
[EventDate "2014.10.19"]
[EventType "swiss"]
[EventRounds "9"]
[EventCountry "GEO"]
[SourceTitle "EXT 2015"]
[Source "ChessBase"]
[SourceDate "2014.11.20"]
[SourceVersion "1"]
[SourceVersionDate "2014.11.20"]
[SourceQuality "1"]

1. e4 c5 2. Nf3 e6 3. d4 cxd4 4. Nxd4 Nf6 5. Nc3 Nc6 6. Ndb5 Bb4 7. a3 Bxc3+ 8. Nxc3 d5 9. exd5 Nxd5 10. Nxd5 exd5 11. Be2 Bf5 12. 0-0 0-0 13. Bf4 Rc8 14. Bd3 Be4 15. Re1 Re8 16. f3 Qb6+ 17. Be3 d4 18. Bxe4 dxe3 19. Qd3 Nd4 20. c3 Nb3 21. Ra2 e2+ 22. Kh1 Qf2 23. Qb1 Nd2 24. Qc1 Qf1+ 25. Rxf1 exf1Q+ 26. Qxf1 Nxf1 27. Kg1 Nd2 28. Bxb7 Rb8 0-1